Minecraft: crafting con il ferro - Statistics

Statistiche generali
  • Questo quiz è stato fatto 244 volte
    176 dall'ultimo reset
  • Il punteggio medio è 14 su 35
Statistiche sulle risposte
N° lingotti Crafting % Corretto
2 lingotti Spada di ferro
83%
1 lingotto Pala di ferro
82%
3 lingotti Piccone di ferro
81%
5 lingotti Elmo in ferro
80%
2 lingotti Zappa di ferro
73%
9 lingotti Blocco di ferro
72%
3 lingotti Ascia di ferro
69%
8 lingotti Corsaletto in ferro
65%
7 lingotti Gambali in ferro
59%
3 lingotti Secchio
53%
1 lingotto Scudo
51%
1 lingotto Pepita di ferro
49%
4 lingotti Piedini in ferro
47%
6 lingotti Porta di ferro
46%
4 lingotti Incudine
40%
2 lingotti Cesoie
38%
1 lingotto Acciarino
36%
5 lingotti Vagone da miniera
35%
4 lingotti Botola di ferro
34%
7 lingotti Calderone
31%
1 lingotto Pistone
30%
4 lingotti Bussola
29%
2 lingotti Piastra a pressione in ferro
26%
5 lingotti Tramoggia
24%
1 lingotto Catena
23%
6 lingotti Binario
22%
6 lingotti Sbarre
20%
1 lingotto Balestra
16%
2 lingotti Tavolo da fabbro
16%
1 lingotto Tagliapietre
13%
6 lingotti Binario attivatore
9%
5 lingotti Forno fusorio
9%
1 lingotto Gancio ad inciampo
7%
6 lingotti Binario rilevatore
6%
5 lingotti Crafter
3%
Nessun quiz corrispondente trovato
Distribuzione punteggi
Percentuale di utenti per punteggio
Percentile per numero di risposta
I tuoi punteggi nel tempo
Non hai fatto questo quiz dall'ultimo reset